[Event "De los Reyes op 21st"]
[Site "De los Reyes"]
[Date "2019.12.04"]
[Round "5"]
[White "Lozano Suarez, Luis Miguel"]
[Black "Salvador Cabo, Cesar"]
[Result "0-1"]
[WhiteElo "2130"]
[BlackElo "1988"]
[PlyCount "86"]
[EventDate "2019.11.30"]
[EventType "swiss"]
[EventRounds "9"]
[EventCountry "ESP"]
[SourceTitle "CBM 193 Extra"]
[Source "ChessBase"]
[SourceDate "2020.01.31"]
[SourceVersion "1"]
[SourceVersionDate "2020.01.31"]
[SourceQuality "1"]

1. d4 c5 2. d5 Nf6 3. Nc3 g6 4. e4 d6 5. f4 Bg7 6. Bb5+ Nfd7 7. a4 Qa5 8. Bd2 Qb4 9. Be2 Na6 10. Nf3 0-0 11. 0-0 Nf6 12. Ng5 c4 13. Kh1 Qc5 14. Bf3 Nb4 15. Be1 h6 16. Nh3 Bd7 17. Bg3 b6 18. Nf2 Rfb8 19. e5 Ne8 20. e6 Bc8 21. exf7+ Kxf7 22. Qe2 a6 23. h4 Bf5 24. h5 Nxc2 25. hxg6+ Kf8 26. Nfe4 Nd4 27. Qd1 Qc8 28. Bh5 b5 29. axb5 axb5 30. Rxa8 Rxa8 31. Bf2 Nb3 32. Ng3 b4 33. Nxf5 Qxf5 34. Nb5 Ra1 35. Qe2 Rxf1+ 36. Qxf1 Qxh5+ 37. Kg1 Qxd5 38. Na7 Bd4 39. Nc8 Bxf2+ 40. Qxf2 Qd4 41. Nb6 c3 42. bxc3 bxc3 43. Nd7+ Kg7 0-1

[Event "Rutas de Cuenca op 6th"]
[Site "Cuenca"]
[Date "2019.07.21"]
[Round "6"]
[White "Garcia Gata, Jorge David"]
[Black "Lozano Suarez, Luis Miguel"]
[Result "1-0"]
[WhiteElo "2049"]
[BlackElo "2134"]
[PlyCount "75"]
[EventDate "2019.07.19"]
[EventType "swiss"]
[EventRounds "7"]
[EventCountry "ESP"]
[SourceTitle "CBM 195 Extra"]
[Source "ChessBase"]
[SourceDate "2020.05.31"]
[SourceVersion "1"]
[SourceVersionDate "2020.05.31"]
[SourceQuality "1"]

1. d4 Nf6 2. c4 e6 3. Nc3 c5 4. d5 exd5 5. cxd5 d6 6. e4 g6 7. f4 Bg7 8. Nf3 0-0 9. Be2 Bg4 10. 0-0 Nbd7 11. h3 Bxf3 12. Bxf3 Re8 13. g4 h6 14. Kg2 c4 15. Be3 Rc8 16. Bd4 Nc5 17. e5 Nfd7 18. e6 fxe6 19. dxe6 Nxe6 20. Bxg7 Kxg7 21. f5 Nf4+ 22. Kh2 Nd3 23. fxg6 Qg5 24. Be4 N7e5 25. Bf5 Rcd8 26. Ne4 Qe3 27. Ng3 Kg8 28. Nh5 Qg5 29. Bxd3 cxd3 30. Qb3+ d5 31. Nf6+ Kh8 32. Qxb7 Rd7 33. Nxd7 Nxg4+ 34. Kh1 Qe3 35. g7+ Kh7 36. Nf6+ Nxf6 37. g8Q+ Kxg8 38. Rg1+ 1-0

[Event "Rutas de Cuenca op 6th"]
[Site "Cuenca"]
[Date "2019.07.20"]
[Round "3"]
[White "Lozano Suarez, Luis Miguel"]
[Black "Brizuela Rojas, Jose Rafael"]
[Result "1-0"]
[WhiteElo "2134"]
[BlackElo "1864"]
[PlyCount "67"]
[EventDate "2019.07.19"]
[EventType "swiss"]
[EventRounds "7"]
[EventCountry "ESP"]
[SourceTitle "CBM 195 Extra"]
[Source "ChessBase"]
[SourceDate "2020.05.31"]
[SourceVersion "1"]
[SourceVersionDate "2020.05.31"]
[SourceQuality "1"]

1. d4 Nf6 2. Bf4 e6 3. e3 c5 4. Nd2 Nc6 5. c3 d5 6. Ngf3 h6 7. h3 Be7 8. Bd3 0-0 9. 0-0 Qb6 10. Rb1 Bd7 11. Ne5 Rfd8 12. Qf3 cxd4 13. exd4 Nxe5 14. dxe5 Nh7 15. Bxh6 f5 16. exf6 Nxf6 17. Qg3 Bf8 18. Bg5 Qd6 19. Bf4 Qe7 20. Be5 Be8 21. Rbe1 Nh5 22. Qe3 b6 23. f4 Qh4 24. Nf3 Qg3 25. b4 Bd6 26. Ng5 Qxe3+ 27. Rxe3 Bf7 28. Bh7+ Kf8 29. f5 Bxe5 30. Rxe5 exf5 31. Bxf5 Nf6 32. Be6 Bg6 33. Bxd5 Bd3 34. Rf3 1-0

[Event "San Sebastian de los Reyes op U2200 2nd"]
[Site "San Sebastian de los Reyes"]
[Date "2019.05.25"]
[Round "5"]
[White "Lozano Suarez, Luis Miguel"]
[Black "Toledano Alos, Raul"]
[Result "1-0"]
[WhiteElo "2137"]
[BlackElo "1817"]
[PlyCount "93"]
[EventDate "2019.05.11"]
[EventType "swiss"]
[EventRounds "6"]
[EventCountry "ESP"]
[SourceTitle "EXT 2024"]
[Source "ChessBase"]
[SourceDate "2023.10.10"]
[SourceVersion "1"]
[SourceVersionDate "2023.10.10"]
[SourceQuality "1"]

1. d4 g6 2. Bf4 Bg7 3. Nc3 d6 4. e4 c5 5. d5 Nd7 6. Nf3 Ngf6 7. Be2 0-0 8. 0-0 Nh5 9. Be3 a6 10. a4 Nhf6 11. h3 Re8 12. a5 Nf8 13. Nd2 N6d7 14. Nc4 Ne5 15. Nb6 Rb8 16. f4 Ned7 17. Nc4 b5 18. axb6 Nxb6 19. Na5 Ra8 20. Bf3 Bd7 21. e5 Rb8 22. Qe2 Qc8 23. Qf2 f5 24. e6 Bb5 25. Nxb5 axb5 26. c3 Na4 27. Qc2 Ra8 28. Nc6 h6 29. g4 fxg4 30. hxg4 Kh8 31. g5 Nb6 32. gxh6 Bf6 33. Kh1 Nc4 34. Rxa8 Qxa8 35. Bc1 Qa1 36. Rg1 Qa4 37. b3 Na3 38. Qb2 Nc4 39. bxa4 Nxb2 40. Bxb2 b4 41. Rc1 Kh7 42. Rc2 bxc3 43. Bxc3 Kxh6 44. Bxf6 exf6 45. a5 Ra8 46. Rb2 f5 47. Rb8 1-0

[Event "San Sebastian de los Reyes op U2200 2nd"]
[Site "San Sebastian de los Reyes"]
[Date "2019.05.18"]
[Round "3"]
[White "Lozano Suarez, Luis Miguel"]
[Black "Diaz Guzman, David"]
[Result "1-0"]
[WhiteElo "2137"]
[BlackElo "1144"]
[PlyCount "37"]
[EventDate "2019.05.11"]
[EventType "swiss"]
[EventRounds "6"]
[EventCountry "ESP"]
[SourceTitle "EXT 2024"]
[Source "ChessBase"]
[SourceDate "2023.10.10"]
[SourceVersion "1"]
[SourceVersionDate "2023.10.10"]
[SourceQuality "1"]

1. d4 d5 2. Bf4 Nf6 3. e3 Bf5 4. c4 e6 5. Nc3 c5 6. Nf3 Bd6 7. Bxd6 Qxd6 8. Qb3 b6 9. Rd1 cxd4 10. Nxd4 Qe5 11. Nxf5 Qxf5 12. cxd5 Ng4 13. Bb5+ Nd7 14. Bxd7+ Kxd7 15. dxe6+ Ke7 16. Nd5+ Kxe6 17. 0-0 Rad8 18. e4 Qe5 19. Ne3+ 1-0

[Event "Tres Cantos op 10th"]
[Site "Tres Cantos"]
[Date "2018.06.27"]
[Round "7.1"]
[White "Martin Duque, Jesus"]
[Black "Lozano Suarez, Luis Miguel"]
[Result "1-0"]
[WhiteElo "2377"]
[BlackElo "2159"]
[PlyCount "102"]
[EventDate "2018.06.21"]
[EventType "swiss"]
[EventRounds "9"]
[EventCountry "ESP"]
[SourceTitle "EXT 2024"]
[Source "ChessBase"]
[SourceDate "2023.10.10"]
[SourceVersion "1"]
[SourceVersionDate "2023.10.10"]
[SourceQuality "1"]

1. e4 e5 2. Nf3 Nc6 3. Bc4 Bc5 4. 0-0 Nf6 5. d3 d6 6. c3 a6 7. a4 Ba7 8. h3 h6 9. Re1 0-0 10. Nbd2 Re8 11. Bb3 Be6 12. Bc2 a5 13. Nf1 d5 14. Qe2 d4 15. Ng3 Nd7 16. Nh2 Ne7 17. Qf3 Nc5 18. Ng4 Ng6 19. Nh5 Nd7 20. g3 Bc5 21. Qg2 Ra6 22. Kh2 Ngf8 23. Qf3 Nh7 24. h4 Be7 25. cxd4 Bxh4 26. d5 Bxg4 27. Qxg4 Bg5 28. f4 g6 29. fxg5 gxh5 30. Qxh5 Nxg5 31. Kg2 Rg6 32. Rf1 Nf6 33. Qe2 Qd7 34. Rf5 Kg7 35. Bb3 Qd6 36. Bd2 b6 37. Raf1 Rg8 38. Bc3 Nd7 39. Kh2 f6 40. Bc4 h5 41. Bb5 h4 42. gxh4 Rh8 43. Be1 Nc5 44. Qd1 Nf7 45. Rg1 Rhh6 46. Rxg6+ Rxg6 47. h5 Rg5 48. Rxg5+ Nxg5 49. Bd2 Qf8 50. Qg4 Kh8 51. Be3 Nb3 1-0

[Event "Tres Cantos op 10th"]
[Site "Tres Cantos"]
[Date "2018.06.22"]
[Round "2.14"]
[White "Lozano Suarez, Luis Miguel"]
[Black "Lopez Heras, Arturo"]
[Result "1-0"]
[WhiteElo "2159"]
[BlackElo "1865"]
[PlyCount "85"]
[EventDate "2018.06.21"]
[EventType "swiss"]
[EventRounds "9"]
[EventCountry "ESP"]
[SourceTitle "EXT 2024"]
[Source "ChessBase"]
[SourceDate "2023.10.10"]
[SourceVersion "1"]
[SourceVersionDate "2023.10.10"]
[SourceQuality "1"]

1. c4 e6 2. g3 d5 3. Bg2 Nf6 4. Nf3 Be7 5. 0-0 0-0 6. Qc2 Nc6 7. a3 a5 8. d4 Bd7 9. Nbd2 a4 10. e4 dxe4 11. Nxe4 Nxe4 12. Qxe4 Na5 13. Qc2 Nb3 14. Rb1 Bc6 15. Be3 Bf6 16. Rfd1 Ra5 17. d5 exd5 18. Nd4 Nxd4 19. Bxd4 Bxd4 20. Rxd4 Qf6 21. Rbd1 dxc4 22. Bxc6 bxc6 23. Rxc4 c5 24. Rd5 Rb5 25. Rf5 Qb6 26. Rfxc5 Rxb2 27. Qxa4 Qf6 28. Rc2 Rb1+ 29. Rc1 Rb2 30. R5c2 Rd8 31. Rxb2 Qxb2 32. Rxc7 g6 33. Qc4 Rd1+ 34. Kg2 Qf6 35. Rc8+ Kg7 36. Qc5 Rd6 37. a4 Qe6 38. Qc3+ Kh6 39. Rc4 Qd5+ 40. f3 Qd1 41. Rh4+ Kg5 42. f4+ Kf5 43. Qe5# 1-0

[Event "San Sebastian de los Reyes op 19th"]
[Site "San Sebastian"]
[Date "2017.12.08"]
[Round "7"]
[White "Unciti Juan, Javier"]
[Black "Lozano Suarez, Luis Miguel"]
[Result "0-1"]
[WhiteElo "2037"]
[BlackElo "2163"]
[PlyCount "86"]
[EventDate "2017.12.02"]
[EventType "swiss"]
[EventRounds "9"]
[EventCountry "ESP"]
[SourceTitle "CBM 182 Extra"]
[Source "ChessBase"]
[SourceDate "2018.02.23"]
[SourceVersion "1"]
[SourceVersionDate "2018.02.23"]
[SourceQuality "1"]

1. d4 Nf6 2. Bg5 c5 3. d5 Qb6 4. Nc3 Qxb2 5. Bd2 Qb6 6. e4 d6 7. f4 a6 8. Nf3 g6 9. e5 Ng8 10. Bc4 Bg7 11. Qe2 Nd7 12. 0-0 Nh6 13. exd6 Qxd6 14. Rae1 0-0 15. Qxe7 Qxe7 16. Rxe7 b5 17. Be2 Nf5 18. Re4 Nf6 19. Re5 Ne8 20. g4 Nfd6 21. h3 f5 22. Ng5 fxg4 23. hxg4 h6 24. Nge4 b4 25. Nxd6 Bxe5 26. fxe5 Rxf1+ 27. Kxf1 Nxd6 28. Na4 Ne4 29. Be1 Bb7 30. Nb6 Rf8+ 31. Kg1 Rd8 32. Bc4 Kf8 33. Kg2 Re8 34. Kf3 Ng5+ 35. Kf4 Ke7 36. Ke3 Rf8 37. Bh4 Rf3+ 38. Ke2 Rf4 39. d6+ Kd8 40. e6 Rxg4 41. e7+ Ke8 42. Nd5 Re4+ 43. Kd3 Rd4+ 0-1

[Event "San Sebastian de los Reyes op 19th"]
[Site "San Sebastian"]
[Date "2017.12.07"]
[Round "6"]
[White "Lozano Suarez, Luis Miguel"]
[Black "Vazquez Gonzalez, Jesus"]
[Result "1-0"]
[WhiteElo "2163"]
[BlackElo "1943"]
[PlyCount "79"]
[EventDate "2017.12.02"]
[EventType "swiss"]
[EventRounds "9"]
[EventCountry "ESP"]
[SourceTitle "CBM 182 Extra"]
[Source "ChessBase"]
[SourceDate "2018.02.23"]
[SourceVersion "1"]
[SourceVersionDate "2018.02.23"]
[SourceQuality "1"]

1. c4 e5 2. g3 d5 3. cxd5 Nf6 4. Bg2 Nxd5 5. Nf3 Nc6 6. 0-0 Be7 7. d4 exd4 8. Nxd4 Nxd4 9. Qxd4 Nf6 10. Qa4+ c6 11. Nc3 0-0 12. h3 Be6 13. e4 Qc8 14. Kh2 Rd8 15. Be3 b5 16. Qc2 Qb7 17. b3 a5 18. f4 a4 19. f5 axb3 20. axb3 Bd7 21. Rxa8 Rxa8 22. e5 Nd5 23. Nxd5 cxd5 24. Qd2 Bc6 25. f6 Bf8 26. fxg7 Bxg7 27. Bh6 Bxh6 28. Qxh6 Ra2 29. Rf5 Rxg2+ 30. Kxg2 d4+ 31. Kg1 Be4 32. Qg5+ Kf8 33. Qd8+ Kg7 34. Rg5+ Bg6 35. Qxd4 Qc7 36. e6+ Kg8 37. exf7+ Kxf7 38. Qf4+ Qxf4 39. gxf4 Bd3 40. b4 1-0

[Event "San Sebastian de los Reyes op 19th"]
[Site "San Sebastian"]
[Date "2017.12.05"]
[Round "4"]
[White "Lozano Suarez, Luis Miguel"]
[Black "Lozano Freras, Sergio"]
[Result "1-0"]
[WhiteElo "2163"]
[BlackElo "1972"]
[PlyCount "129"]
[EventDate "2017.12.02"]
[EventType "swiss"]
[EventRounds "9"]
[EventCountry "ESP"]
[SourceTitle "CBM 182 Extra"]
[Source "ChessBase"]
[SourceDate "2018.02.23"]
[SourceVersion "1"]
[SourceVersionDate "2018.02.23"]
[SourceQuality "1"]

1. c4 Nf6 2. g3 e6 3. Bg2 d5 4. Nf3 Be7 5. 0-0 0-0 6. d4 dxc4 7. Qc2 a6 8. Qxc4 b5 9. Qc2 Bb7 10. Bf4 Nc6 11. Rd1 Nb4 12. Qc1 Nbd5 13. Bd2 Nb6 14. Na3 Ne4 15. Ba5 f6 16. Qc2 Bxa3 17. bxa3 Nc4 18. Bb4 Ned6 19. a4 a5 20. Bc5 Be4 21. Qc1 bxa4 22. Nd2 Nxd2 23. Rxd2 Bxg2 24. Kxg2 Rf7 25. Qc2 Qd7 26. Kg1 Rb8 27. Rb1 Rb5 28. Rdd1 Nb7 29. Ba3 g6 30. Qc4 Nd6 31. Qc2 Kg7 32. e4 Nc8 33. Qd3 c6 34. Qc2 Qb7 35. Rbc1 Na7 36. Qxa4 Rd7 37. Qc4 e5 38. dxe5 fxe5 39. Bd6 Nc8 40. Qxc6 Nxd6 41. Rxd6 Qxc6 42. Rdxc6 Rd2 43. R1c2 Rb2 44. Rxd2 Rxd2 45. Rc5 Rxa2 46. Rxe5 Kf6 47. Re8 a4 48. Kg2 a3 49. Ra8 Ke5 50. Kf3 Ra1 51. Ra5+ Kd4 52. Ra4+ Ke5 53. Kg4 a2 54. f4+ Ke6 55. Ra6+ Kf7 56. e5 h6 57. Kh4 Ke7 58. Kg4 Kf7 59. h3 Ke7 60. h4 Kf7 61. h5 gxh5+ 62. Kf5 Rg1 63. Ra7+ Kf8 64. Rxa2 Rxg3 65. Kf6 1-0

[Event "San Sebastian de los Reyes op 18th"]
[Site "San Sebastian"]
[Date "2016.12.07"]
[Round "5"]
[White "Bombin Pinera, Dionisio"]
[Black "Lozano Suarez, Luis Miguel"]
[Result "0-1"]
[WhiteElo "1956"]
[BlackElo "2147"]
[PlyCount "58"]
[EventDate "2016.12.03"]
[EventType "swiss"]
[EventRounds "9"]
[EventCountry "ESP"]
[SourceTitle "CBM 176 Extra"]
[Source "ChessBase"]
[SourceDate "2017.03.02"]
[SourceVersion "1"]
[SourceVersionDate "2017.03.02"]
[SourceQuality "1"]

1. Nf3 Nf6 2. d4 c5 3. g3 cxd4 4. Nxd4 d5 5. Bg2 e5 6. Nf3 Nc6 7. 0-0 h6 8. c4 d4 9. Qa4 Bd7 10. Qb5 Qc7 11. Na3 a6 12. Qb3 Na5 13. Qd1 Bxa3 14. bxa3 Nxc4 15. Bd2 Nxd2 16. Qxd2 0-0 17. Rfc1 Bc6 18. Nh4 Qd7 19. Bxc6 bxc6 20. Qc2 Rac8 21. Qc4 Qh3 22. f3 Nd5 23. Ng2 a5 24. Rab1 Nc3 25. Rxc3 dxc3 26. Qxc3 Qe6 27. Ne3 Qxa2 28. Rb7 Qxe2 29. Nf5 Rcd8 0-1

[Event "San Sebastian de los Reyes op 18th"]
[Site "San Sebastian"]
[Date "2016.12.06"]
[Round "4"]
[White "Lozano Suarez, Luis Miguel"]
[Black "Alfaya Marcelo, Roberto"]
[Result "1/2-1/2"]
[WhiteElo "2147"]
[BlackElo "2114"]
[PlyCount "100"]
[EventDate "2016.12.03"]
[EventType "swiss"]
[EventRounds "9"]
[EventCountry "ESP"]
[SourceTitle "CBM 176 Extra"]
[Source "ChessBase"]
[SourceDate "2017.03.02"]
[SourceVersion "1"]
[SourceVersionDate "2017.03.02"]
[SourceQuality "1"]

1. c4 Nf6 2. g3 c5 3. Bg2 Nc6 4. Nf3 d5 5. cxd5 Nxd5 6. 0-0 g6 7. d4 cxd4 8. Nxd4 Bg7 9. Nxc6 bxc6 10. Qc2 Bd7 11. Rd1 Rc8 12. e4 Nb4 13. Qc4 c5 14. Nc3 0-0 15. Bh3 Bd4 16. Bxd7 Qxd7 17. Bh6 Rfd8 18. Rd2 Nc6 19. Be3 Qh3 20. Qe2 Ne5 21. Bxd4 cxd4 22. Nd5 d3 23. Rxd3 Nxd3 24. Qxd3 e6 25. Nf6+ Kg7 26. Qf3 Rd2 27. Ng4 Rdc2 28. Rd1 Rc1 29. Qf6+ Kg8 30. Qf3 f5 31. exf5 gxf5 32. Ne3 Qh6 33. Kg2 Rxd1 34. Qxd1 Qg7 35. Qb3 Qf7 36. Nc4 e5 37. Nxe5 Qxb3 38. axb3 Rb8 39. Nc6 Rxb3 40. Nxa7 Rxb2 41. Nc6 Kf7 42. Ne5+ Ke6 43. Nd3 Rd2 44. Nf4+ Ke5 45. Kf3 Ra2 46. Nh5 Ra3+ 47. Kg2 Kd4 48. Ng7 Ke4 49. Nh5 Ra2 50. Nf6+ Ke5 1/2-1/2

[Event "Rutas de Cuenca op 3rd"]
[Site "Cuenca"]
[Date "2016.06.17"]
[Round "2"]
[White "Lozano Suarez, Luis Miguel"]
[Black "Castro Santimoteo, Raul"]
[Result "1-0"]
[WhiteElo "2116"]
[BlackElo "1981"]
[PlyCount "65"]
[EventDate "2016.06.17"]
[EventType "swiss"]
[EventRounds "7"]
[EventCountry "ESP"]
[SourceTitle "EXT 2019"]
[Source "ChessBase"]
[SourceDate "2018.10.10"]
[SourceVersion "1"]
[SourceVersionDate "2018.10.10"]
[SourceQuality "1"]

1. c4 c6 2. g3 d5 3. cxd5 cxd5 4. Bg2 Nf6 5. Nf3 Bf5 6. 0-0 e6 7. Nc3 Be7 8. Qb3 Qc8 9. d3 Nc6 10. Bf4 a6 11. Rac1 0-0 12. Na4 Nd7 13. Rfe1 b5 14. Nc3 Nc5 15. Qd1 Rd8 16. b4 Nd7 17. a3 Qb7 18. Nd2 Bg4 19. Nb3 Rac8 20. Rc2 Qb6 21. Qc1 Bf6 22. Nb1 Ne7 23. Bc7 Rxc7 24. Rxc7 Be5 25. Rc2 f5 26. e3 Nf6 27. Nc5 g5 28. Nd2 Bh5 29. Nf3 Bxf3 30. Bxf3 g4 31. Bg2 h5 32. e4 fxe4 33. Qg5+ 1-0

[Event "San Sebastian de los Reyes op 17th"]
[Site "San Sebastian"]
[Date "2015.12.02"]
[Round "3"]
[White "Marin Aso, Jose Luis"]
[Black "Lozano Suarez, Luis Miguel"]
[Result "1-0"]
[WhiteElo "1775"]
[BlackElo "2136"]
[PlyCount "53"]
[EventDate "2015.11.30"]
[EventType "swiss"]
[EventRounds "9"]
[EventCountry "ESP"]
[SourceTitle "CBM 170 Extra"]
[Source "ChessBase"]
[SourceDate "2016.02.25"]
[SourceVersion "1"]
[SourceVersionDate "2016.02.25"]
[SourceQuality "1"]

1. e4 d5 2. exd5 Qxd5 3. Nf3 Nf6 4. d4 Bg4 5. Be2 e6 6. c4 Qh5 7. Nc3 Nc6 8. Be3 0-0-0 9. Qa4 Bd6 10. c5 Be7 11. b4 e5 12. b5 Nxd4 13. Qxa7 Bxc5 14. Qxc5 Nc2+ 15. Kf1 Nxa1 16. b6 c6 17. Qe7 Ne8 18. Qa3 Nd6 19. Bc5 Nc2 20. Qa4 Nd4 21. Bxd6 Nxe2 22. Nxe5 Ng3+ 23. Ke1 Qxe5+ 24. Bxe5 Nxh1 25. Qxg4+ Rd7 26. Qa4 Kd8 27. Qa8+ 1-0